Vietnam War Combatants Quiz - Statistics

General Stats
  • This quiz has been taken 262 times
  • The average score is 11 of 18
Answer Stats
Answer % Correct
United States of America
96%
China
91%
Cambodia
88%
North Vietnam
88%
South Vietnam
88%
Laos
86%
Australia
83%
Thailand
82%
South Korea
78%
Soviet Union
73%
New Zealand
67%
North Korea
66%
Philippines
50%
Taiwan
46%
Viet Cong
30%
Khmer Rouge
12%
Pathet Lao
9%
Khmer Republic
6%
No matching quizzes found
Score Distribution
Percent of People with Each Score
Percentile by Number Answered
Your Score History
You have not taken this quiz